Statistics for Biggest Non-Soverign Islands by Continent

Click here to take the quiz!

General Stats

  • This quiz has been taken 312 times
    (280 since last reset)
  • The average score is 2 of 6

Answer Stats

ContinentIsland% Correct
North AmericaGreenland
83%
AsiaBorneo
54%
South AmericaFalkland Islands
46%
AustralasiaSouth Island
25%
AfricaCanary Islands
14%
EuropeSeverny Island
6%

Score Distribution

Percentile by Number Answered

Percent of People with Each Score

Your Score History

You have not taken this quiz since the last reset